000 01040nam0a2200301 i 4500
001 RU\NLR\BIBL_A\09993807
005 20260503053102.0
010 _a9785919182924
_9100
021 _aRU
_b13-75327
035 _a(NLR Aleph) 009993807
090 _a9747915
_c9747915
100 _a20131029d2013 km y0rusy50 ca
101 0 _arus
102 _aRU
105 _ay||||||||||||
106 _as
135 _a|||||||||||||
200 1 _aДалекое и близкое
_eисторическая повесть, 1900-1944
_fВасилий Дмитриев
210 _aСанкт-Петербург
_cРеноме
_d2013
215 _a500, [3] с., [8] л. ил., карт., портр., факс.
_cпортр.
_d25 см
333 _a12+
675 _a821.161.1-94
686 2 _aШ6(2=Р)75-442
700 1 _4070
_aДмитриев
_bВ. Г.
_cавтор воспоминаний
_f1893-1960
_gВасилий Григорьевич
_9127403
_3RU\NLR\AUTH\770127427
942 _cBOOK
980 _aNBR